000 01042nam a2200241Ia 4500
003 OSt
005 20220923213203.0
006 a|||||r|||| 00| 0
007 ta
008 220922b |||||||| |||| 00| 0 hin d
024 _a159,647
037 _cTextual
040 _aARTS
_cARTS
_bhin
041 _2hin
_ahin
082 _aO152,1:g(P:1), L5
100 _aशर्मा, कृष्ण कुमार
245 0 _aध्वनि सिद्धान्त का काव्यशास्त्रीय, सौन्दर्यशस्त्रीय और समाजमनोवैज्ञानिक अध्ययन
246 _aDhvani siddhānta kā kāvyashāstrīya, saundaryashastrīya aur samājahinovaijnyānik adhyayana
260 _aइलाहाबाद
_b अभिनव भारती
_c1975
650 _aहिन्दी साहित्य
_9156264
942 _hO152,1:g(P:1), L5
_cTEXL
_2CC
999 _c314394
_d314394